| 000 | 00356nam a2200145Ia 4500 | ||
|---|---|---|---|
| 008 | 150201s1970 xx 000 0 und d | ||
| 082 |
_a610.7362 _bN1970W |
||
| 100 | _aWAECHTER | ||
| 245 | _aNURSING CARE OF CHILDERN | ||
| 250 | _a10TH | ||
| 260 |
_bLIPPINCOTT PUBLICATION _aPHILADELPHIA _c1970 |
||
| 300 | _a1-1453 | ||
| 650 | _aNURSING | ||
| 942 |
_2ddc _cBK |
||
| 999 |
_c4092 _d4092 |
||